000 01244nam0a2200301 4500
001 RU\NLR\BIBL_A\010475965
005 20260406070707.0
010 _a978-5-90670-521-1
035 _a(NLR Aleph) 010475965
090 _a10044100
_c10044100
100 _a20141014d2014 |||y0rusy50 ca
101 0 _arus
102 _aRU
105 _ay|||z|||000yy
200 1 _aПедагогика невмешательства
_eочерк одной педагогической идеи
_fА.А. Гагаев, П.А. Гагаев
210 _aСанкт-Петербург
_cАлетейя
_cИсторическая книга
_d2014
215 _a283 с.
_d20
320 _aБиблиогр.: с. 279-281 (61 назв.) и в конце глав
333 _a16+
606 1 _aСвободное воспитание
_92324536
_3RU\NLR\auth\661390464
686 1 _aЧ313
700 1 _8rus
_7ca
_aГагаев
_bА. А.
_f1952-2021
_gАндрей Александрович
_3RU\NLR\AUTH\7727347
_910381
701 1 _8rus
_7ca
_aГагаев
_bП. А.
_f1955-
_gПавел Александрович
_3RU\NLR\auth\7727350
_910384
942 _cBOOK
980 _aNB
980 _aNBR